| 000 | nam a22 7a 4500 | ||
|---|---|---|---|
| 999 |
_c22808 _d22808 |
||
| 003 | OSt | ||
| 005 | 20170124161948.0 | ||
| 008 | 170124b xxu||||| |||| 00| 0 eng d | ||
| 020 | _a0030565448 | ||
| 020 | _a9780030565465 | ||
| 020 | _a9780030565441 | ||
| 050 |
_aQC30 _b.S47 2002 |
||
| 100 | _aSerway Raymond A. | ||
| 245 |
_aHolt physics / _c Raymond A Serway; Jerry S Faughn; Holt, Rinehart, and Winston, inc. |
||
| 260 |
_aAustin, Tex. : _bHolt, Rinehart and Winston, _c©2002. |
||
| 300 |
_axxiii, 1002 p. : _bcolor ill. ; _c26 cm |
||
| 500 | _aIncludes index. | ||
| 650 |
_aPhysics _xStudy and teaching (Secondary) |
||
| 700 | _aJerry S Faughn; | ||
| 700 | _a Holt, Rinehart, | ||
| 700 | _aand Winston, inc. | ||
| 942 |
_2lcc _cBOOKS _hQC30 .S47 2002 |
||